02616nam a22001697a 4500999001900000008004100019100005900060245010600119260001800225300003200243520156500275650045201840773001802292906002202310942000702332952010702339 c526227d526227240517b ||||| |||| 00| 0 eng d aSaldanha, F.P., Pozzebon, M. and Delgado, N.A. 952607 aDislocating peripheries to the center: A technological social reinventing repertoires and territories aOrganization  a31(3), Apr, 2024: p.496-522 aAlthough social innovation has gained increasing importance in recent decades due to its promise of promoting social change, critical scholars have identified a number of gray areas, notably numerous perspectives that fail to deeply question the conditions that maintain social inequalities and exclusion, and that are marked by the absence of the voices of those living in the so-called “peripheries.” Through the example of The Agency, we propose an alternative to hegemonic ways of understanding social innovation, one based on the Latin American concept of tecnologia social, which embodies a decolonial view. We make three contributions to the social innovation literature, thereby enriching the North-South debate. First, we illustrate a process of sociotechnical reconfiguration—an interplay of methodological tools, artifacts and discourses—which is central to the conception and implementation of a tecnologia social. Second, we show how a tecnologia social operates through a cumulative layering process of decolonizing the imaginary, challenging the colonial relationship between center/periphery and positioning deprived young people as actors who reinvent their repertoires and territories. Third, we introduce a debate linking the anthropophagic approach to epistemic justice, a valued theme in decolonial thinking. In doing so, this article contributes to the literature by proposing applicable and positive outcomes to critical and decolonizing thinking. – Reproduced https://journals.sagepub.com/doi/full/10.1177/13505084221124192  aSocial Innovation, Social Change, Social Inequalities, Exclusion, Peripheries, The Agency, Hegemonic Perspectives, Tecnologia Social, Decolonial View, North-South Debate, Sociotechnical Reconfiguration, Methodological Tools, Artifacts, Discourses, Decolonizing the Imaginary, Colonial Relationship, Center/Periphery, Young People, Repertoires, Territories, Anthropophagic Approach, Epistemic Justice, Decolonial Thinking, Critical Thinking.952608 aOrganization  aSOCIAL INNOVATION cAR 00102ddc40709401300aIIPAbIIPAd2024-05-17h31(3), Apr, 2024: p.496-522pAR131978r2024-05-17yAR